| 000 | 00588nam a22001815i 4500 | ||
|---|---|---|---|
| 001 | 158878 | ||
| 003 | ES-MaACL | ||
| 005 | 20250826070419.0 | ||
| 008 | 981201s1878 fr |||| | fre d | ||
| 040 |
_aCCPB | B _bspa _cCCPB | B |
||
| 100 | 1 |
_aMartín, Melitón. _977355 |
|
| 245 | 1 | 0 |
_aLe travail humain _b: son analyse, ses lois, son évolution / _cpar Méliton Martin. |
| 260 |
_aParis : _bLibrairie Guillaumin, Éditeur, _c1878. |
||
| 300 |
_a368 p. ; _c18 cm. |
||
| 650 | 0 | 4 |
_aTrabajo- _xFilosofía _917595 |
| 852 |
_aES-MaACL _jF-11446 _z-- Enc. hol. |
||
| 999 |
_c158878 _d158878 |
||